Peas and Beans

Gespeichert in:
Bibliographische Detailangaben
1. Verfasser: Biddle, Anthony J (VerfasserIn)
Format: Buch
Sprache:Englisch
Veröffentlicht: Oxford CABI 2017
Ausgabe:1a. ed
Schriftenreihe:Crop Production Science in Horticulture, 25
Schlagworte:
Tags: Tag hinzufügen
Keine Tags, Fügen Sie den ersten Tag hinzu!

MARC

LEADER 00000cam a2200000 a 4500
001 UCC5338
003 CL-VaPUC
008 181005e20170000uk |||||||||||||||||eng|d
020 |a 9781780640914 
082 0 4 |a 635.651  |b BID  |2 21 
100 0 |a Biddle, Anthony J  |e author  |9 599665 
245 1 0 |a Peas and Beans 
250 |a 1a. ed 
300 |a 179 p 
942 |c BK 
945 |d 20181005 11:02:00  |a dcastane 
260 |a Oxford  |b CABI  |c 2017 
650 7 |a HABAS  |2 CL-VaPUC  |9 264828 
650 0 |a Arvejas  |9 544075 
650 0 |a Cultivo de hortalizas  |9 338094 
583 |a last modification  |c 20181005 11:02:00  |k Rodrigo Vera 
490 0 |a Crop Production Science in Horticulture, 25 
999 |c 372591  |d 372589 
952 |0 0  |1 0  |3 erb  |4 0  |6 635_651000000000000_BID_2017  |7 0  |8 A  |9 490274  |a BIBAGR  |b BIBAGR  |i 5504643  |l 2  |o 635.651 BID 2017  |p 5504643  |r 2025-01-20  |s 2024-09-04  |w 2019-11-24  |y BK  |z Catalogado en:20181005  |k AGR